000 00290nam a2200121 i 4500
001 bg
245 0 _aElektriczeskie metody obrabotki technika dlja buduszczego...
260 _aKrakow,
_c1980.
040 _cBPK
041 _apol
942 _cKS
008 s pl f |000 0 pol
999 _c18317
_d18317
856 _uhttp://koha.tu.koszalin.pl/cgi-bin/koha/opac-detail.pl?biblionumber=18317
_yKatalog online BPK